| 000 | 01215nam a2200433Ia 4500 | ||
|---|---|---|---|
| 001 | 040056 | ||
| 008 | 221003s2014 xx 000 0 spa d | ||
| 020 | _a978-84-940011-8-5 | ||
| 035 | _aCENDO_30155 | ||
| 041 | _aspa | ||
| 084 | _aCD-13024 | ||
| 245 | 0 |
_a<El> último europeo : _bimperialismo, xenofobia y extrema derecha en la Unión Europea / _cÁngel Ferrero ... [et al.] |
|
| 260 |
_aMadrid : _bLa Oveja Roja, _c2014 |
||
| 300 |
_a262 p. ; _c 24 cm |
||
| 650 |
_aCE _98 |
||
| 650 | 0 |
_aEUROPA _9139 |
|
| 650 |
_aPOLITICA SOCIAL _9228 |
||
| 650 |
_aELECCION _91516 |
||
| 650 |
_aDEMOCRACIA _9387 |
||
| 650 |
_aPARTIDO POLITICO _9803 |
||
| 650 |
_aIDEOLOGIA POLITICA _91711 |
||
| 650 |
_aINMIGRACION _9694 |
||
| 650 |
_aMIGRACION _9358 |
||
| 650 |
_aPOLITICA MIGRATORIA _9600 |
||
| 650 | 0 |
_aDISCRIMINACION RACIAL _9225 |
|
| 650 |
_aPOLITICA EXTERIOR _9314 |
||
| 650 |
_aIMPERIALISMO _93247 |
||
| 650 |
_aDEPENDENCIA _98792 |
||
| 650 |
_aSOCIEDAD _91843 |
||
| 650 |
_aCONFLICTO SOCIAL _9368 |
||
| 700 |
_aFERRERO, Ángel _925260 |
||
| 901 | _a0 | ||
| 903 | _aNO | ||
| 904 | _a000 | ||
| 953 |
_d2014-05-27 _yMONOGRAFIA _oCD-13024 |
||
| 999 |
_c30154 _d30154 |
||
| 910 | _a2014 | ||
| 942 | _cMONOGRAFIA | ||